Deutsche Städte - Bildquiz#1 - Statistiken

Allgemein
  • Dieses Quiz wurde 138 mal gespielt
  • Das Durchschnittsergebnis liegt bei 11 aus 20
Antwortstatistiken
Bildquiz Antwort % Korrekt
Bremen
98%
Hamburg
88%
Ulm
81%
Kassel
79%
Nürnberg
66%
Aachen
65%
Erfurt
61%
Trier
60%
Leipzig
57%
Freiburg im Breisgau
54%
Rostock
54%
Regensburg
50%
Koblenz
49%
Halle (Saale)
44%
Karlsruhe
44%
Dortmund
42%
Wiesbaden
42%
Bielefeld
38%
Braunschweig
28%
Osnabrück
27%
Keine übereinstimmenden Quizze gefunden
Verteilung der Resultate
Anzahl Personen mit jedem Resultat
Perzentil nach korrekt beantworteten Fragen
Ihre Resultats-Entwicklung
Sie haben dieses Quiz noch nicht gespielt